000 00457nam a2200181Ia 4500
001 23008
005 20260414150908.0
008 260414t2012||||xx |||||||||||||| ||spa||
041 _aESP
082 _a624.1762
_bL58
100 _aLiang, Zach
_eAUT
245 0 _aStructural damping :
_bapplications in seismic response modification
260 _c2012
300 _a557 páginas :
_c26 cm.
650 _a0
654 _aCIC
942 _cLIB
_dJUS
_fJUS
_2ddc
_n
999 _c23008
_d23008